[Event "Eastpointe (US Am N/1b/25)"]
[Site "?"]
[Date "1994.??.??"]
[Round "?"]
[White "Vaka, Flamur"]
[Black "Melton, J."]
[Result "1-0"]
[WhiteElo "1635"]
[BlackElo "1605"]
[PlyCount "32"]
[EventDate "1994.??.??"]

1. e4 e5 2. Nf3 Nc6 3. Bb5 Bc5 4. O-O Nf6 5. Nxe5 Nxe5 6. d4 Bb6 7. dxe5 Nxe4
8. Qg4 Ng5 9. Bxg5 h5 10. Qf4 f6 11. exf6 gxf6 12. Bxf6 Rf8 13. Re1+ Kf7 14.
Bxd8+ Kg8 15. Qg5+ Kh7 16. Re7+ Kh8 1-0

[Event "Eastpointe (US Am N/3/12)"]
[Site "?"]
[Date "1994.??.??"]
[Round "?"]
[White "Vaka, Flamur"]
[Black "McGrath, Michael"]
[Result "1-0"]
[WhiteElo "1635"]
[BlackElo "1735"]
[PlyCount "73"]
[EventDate "1994.??.??"]

{3/(12)} 1. e4 e5 2. Nf3 d6 3. Bc4 Be7 4. c3 Nf6 5. d3 O-O 6. O-O Be6 7. Bb3
Nbd7 8. Bxe6 fxe6 9. Ng5 Qc8 10. Nxe6 Re8 11. Ng5 Nc5 12. Be3 Rf8 13. Bxc5 dxc5
14. Qb3+ Kh8 15. Nf7+ Rxf7 16. Qxf7 Qd7 17. Na3 a6 18. Rad1 b5 19. Qb3 Rd8 20.
h3 Nh5 21. Nc2 Nf4 22. Ne3 Nxd3 23. c4 c6 24. Rd2 Bh4 25. Kh2 g6 26. Rfd1 Qf7
27. Rxd3 Rf8 28. R3d2 Qf4+ 29. g3 Qxe4 30. gxh4 Rf3 31. Rd8+ Kg7 32. R1d7+ Kf6
33. Rf8+ Ke6 34. Rxf3 Qxf3 35. Rd2 Qf4+ 36. Kg1 Qxh4 37. cxb5+ 1-0

[Event "Eastpointe (US Am N/5/14)"]
[Site "?"]
[Date "1994.??.??"]
[Round "?"]
[White "Vaka, Flamur"]
[Black "LaForge, Tom"]
[Result "0-1"]
[WhiteElo "1635"]
[BlackElo "1980"]
[PlyCount "70"]
[EventDate "1994.??.??"]

{5/(14)} 1. e4 e6 2. d4 d5 3. exd5 exd5 4. Bd3 Nc6 5. c3 Bd6 6. Qc2 Nge7 7. Bg5
h6 8. Bh4 Be6 9. Nd2 Qd7 10. Ne2 Nf5 11. Bg3 Nxg3 12. Nxg3 O-O-O 13. O-O-O Kb8
14. Rde1 b6 15. Kb1 f5 16. Ne2 g5 17. f3 Rdf8 18. g3 h5 19. h4 f4 20. gxf4 gxf4
21. Rhg1 Rfg8 22. Rxg8+ Rxg8 23. Rg1 Rxg1+ 24. Nxg1 Qe7 25. Bf5 Bxf5 26. Qxf5
Qe1+ 27. Kc2 Qxg1 28. Qxh5 Qg8 29. Qf5 Ne7 30. Qh3 Qh7+ 31. Kc1 Nf5 32. Nf1 a6
33. h5 Ne3 34. Nxe3 fxe3 35. Qg2 Qd3 0-1

[Event "Detroit (MCO/A/3a/7)"]
[Site "?"]
[Date "1994.??.??"]
[Round "?"]
[White "Turner, Keita"]
[Black "Walker, Douglas"]
[Result "0-1"]
[WhiteElo "1820"]
[BlackElo "1875"]
[PlyCount "104"]
[EventDate "1994.??.??"]

1. e4 g6 2. d4 Bg7 3. Bc4 d6 4. Nf3 Nf6 5. Nc3 O-O 6. Be3 Nbd7 7. h3 c6 8. Qd2
b5 9. Bd3 Re8 10. Ne2 Rb8 11. c3 e5 12. Ng3 a5 13. O-O Qc7 14. Bh6 c5 15. Bxg7
Kxg7 16. Qg5 Nf8 17. Nh4 Qd8 18. d5 Ng8 19. Qxd8 Rxd8 20. f4 Nd7 21. f5 Ngf6
22. fxg6 fxg6 23. Rf2 c4 24. Be2 Nc5 25. Raf1 Rf8 26. Nh1 Ncxe4 27. Rxf6 Nxf6
28. Ng3 Bd7 29. Kh1 Nxd5 30. Bf3 Ne3 31. Re1 Nf5 32. Nhxf5+ Bxf5 33. Rd1 Rbd8
34. Rd5 b4 35. Rxa5 bxc3 36. bxc3 Bd3 37. Ra7+ Rf7 38. Ra5 Rf4 39. Ra7+ Kh8 40.
Bd5 h5 41. Kh2 h4 42. Nh1 Rb8 43. a4 Rb2 44. a5 e4 45. a6 Bf1 46. Ra8+ Kh7 47.
Ng3 Rxg2+ 48. Kh1 hxg3 49. a7 Rc2 50. Bg8+ Kg7 51. Bd5 Bg2+ 52. Kg1 Rf1# 0-1

[Event "Detroit (MI Op/2/19)"]
[Site "?"]
[Date "1994.??.??"]
[Round "?"]
[White "Turner, Keita"]
[Black "Rajlich, Vasik"]
[Result "1-0"]
[WhiteElo "1820"]
[BlackElo "2100"]
[PlyCount "84"]
[EventDate "1994.??.??"]

{2/(19)} 1. d4 d5 2. e3 Nf6 3. Bd3 Nc6 4. c3 e5 5. dxe5 Nxe5 6. Bc2 Bd6 7. Nd2
O-O 8. Ngf3 Qe7 9. O-O Bg4 10. h3 Bh5 11. a4 Rad8 12. a5 h6 13. Ra4 Nh7 14. g4
Bg6 15. Nxe5 Qxe5 16. Nf3 Qf6 17. Kg2 c6 18. Nd4 Rfe8 19. f4 Bxc2 20. Qxc2 g6
21. Nf3 Bc7 22. h4 Qd6 23. Ne5 Qe6 24. Qf2 Nf6 25. Qf3 Bxe5 26. fxe5 Nd7 27. e4
Nxe5 28. exd5 Rxd5 29. Qe4 Nd3 30. Qxe6 Rxe6 31. Bxh6 Re2+ 32. Kg3 Nxb2 33. Rb4
Rb5 34. Rd4 Rd5 35. Rb4 Rb5 36. Rbf4 Re3+ 37. Kg2 Nd3 38. Rxf7 Rb2+ 39. R7f2
Nxf2 40. Bxe3 Nd1+ 41. Kf3 Nxc3 42. Bxa7 Nd5 {[Remainder illegible; 1-0, 76?]}
1-0

[Event "Detroit (MCO/A/6/7)"]
[Site "?"]
[Date "1994.??.??"]
[Round "?"]
[White "Turner, Keita"]
[Black "Morris, Jewell"]
[Result "1-0"]
[WhiteElo "1820"]
[BlackElo "1905"]
[PlyCount "75"]
[EventDate "1994.??.??"]

{6/(7)} 1. e4 e6 2. d4 d5 3. Nd2 Nf6 4. Bd3 dxe4 5. Nxe4 Nbd7 6. Nf3 Be7 7. O-O
O-O 8. c3 c5 9. Be3 cxd4 10. cxd4 b6 11. Rc1 Bb7 12. Nxf6+ Nxf6 13. Ne5 Qd5 14.
f3 Rac8 15. Qd2 Rfd8 16. Qf2 b5 17. Kh1 Bd6 18. Rxc8 Rxc8 19. Nxf7 Kxf7 20. Be4
Qh5 21. g4 Qh3 22. Bxb7 Bxh2 23. Qg2 Qxg2+ 24. Kxg2 Rc2+ 25. Rf2 Rxf2+ 26. Bxf2
Bf4 27. Bc6 a6 28. Bg3 Be3 29. Bf2 Nd5 30. Bxd5 Bxf2 31. Bxe6+ Kxe6 32. Kxf2 g6
33. f4 Kd5 34. Ke3 h5 35. f5 hxg4 36. fxg6 Ke6 37. d5+ Kf6 38. d6 1-0

[Event "Detroit (MI Op/5/23)"]
[Site "?"]
[Date "1994.??.??"]
[Round "?"]
[White "Turner, Keita"]
[Black "Moody, David"]
[Result "1-0"]
[WhiteElo "1820"]
[BlackElo "2000"]
[PlyCount "73"]
[EventDate "1994.??.??"]

{5/(23)} 1. d4 Nf6 2. e3 d5 3. Bd3 e6 4. Nd2 c5 5. c3 Nc6 6. f4 Bd6 7. Ngf3
cxd4 8. cxd4 Bd7 9. O-O Nb4 10. Bb1 Bb5 11. Ne5 Bxf1 12. Nxf1 O-O 13. Ng3 Rc8
14. a3 Qc7 15. axb4 Bxb4 16. Bd3 a6 17. Bd2 Bxd2 18. Qxd2 Nd7 19. Nh5 Nxe5 20.
fxe5 Qe7 21. Rf1 Qg5 22. Qe2 Rc7 23. Rf4 Rfc8 24. Nf6+ Kh8 25. Nxh7 Qh6 26. g3
g5 27. Nxg5 Rc1+ 28. Kg2 Qxg5 29. Rh4+ Qxh4 30. gxh4 Rg8+ 31. Kf2 Rgg1 32. h5
Rh1 33. Kg3 Rce1 34. Qf3 Kg7 35. Qf6+ Kg8 36. h6 Rhg1+ 37. Kh4 1-0

[Event "Detroit (MCO/A/1a/9)"]
[Site "?"]
[Date "1994.??.??"]
[Round "?"]
[White "Turner, Keita"]
[Black "Garrison, Ray"]
[Result "0-1"]
[WhiteElo "1820"]
[BlackElo "1915"]
[PlyCount "48"]
[EventDate "1994.??.??"]

1. d4 Nf6 2. e3 c5 3. Bd3 Nc6 4. c3 cxd4 5. exd4 d5 6. Nd2 Bg4 7. Ngf3 e6 8.
Qc2 Bd6 9. h3 Bh5 10. Nh4 Ne4 11. Nxe4 dxe4 12. Bxe4 Qxh4 13. g3 Qd8 14. Qa4
Qc7 15. Bf4 Bxf4 16. gxf4 Bg6 17. d5 Qxf4 18. f3 exd5 19. Bc2 Qe3+ 20. Kd1
Qxf3+ 21. Kd2 Qf2+ 22. Kd1 Bxc2+ 23. Qxc2 Qf3+ 24. Kd2 Qg2+ 0-1

[Event "Detroit (MI Op/1a/23)"]
[Site "?"]
[Date "1994.??.??"]
[Round "?"]
[White "Turner, Keita"]
[Black "Dangremond, Leonard"]
[Result "1-0"]
[WhiteElo "1820"]
[BlackElo "2030"]
[PlyCount "97"]
[EventDate "1994.??.??"]

1. d4 Nf6 2. e3 d5 3. Bd3 Nbd7 4. f4 Ne4 5. Nd2 Ndf6 6. Ngf3 e6 7. Ne5 Bd6 8.
O-O O-O 9. Qf3 c5 10. c3 Nxd2 11. Bxd2 c4 12. Bc2 b5 13. g4 Bb7 14. g5 Ne4 15.
Bxe4 dxe4 16. Qh5 a5 17. Rf2 Rc8 18. Rg2 Qe8 19. Rg3 f5 20. g6 h6 21. Nf7 Rxf7
22. gxf7+ Qxf7 23. Qxh6 b4 24. Kf2 Kf8 25. Qh8+ Qg8 26. Qh5 Bc6 27. Rag1 Rc7
28. Qh6 Be8 29. Qf6+ Qf7 30. Qh4 Qg8 31. Qd8 Rd7 32. Qxa5 bxc3 33. Bxc3 Be7 34.
Bb4 Qh7 35. Bxe7+ Rxe7 36. Qb4 Qxh2+ 37. R1g2 Qh4 38. Ke2 Bh5+ 39. Kd2 Bg4 40.
Kc3 g5 41. Kxc4 Be2+ 42. Kc3 g4 43. a4 Kf7 44. Kb3 Bf3 45. Rg1 Qh2 46. Qc3 Rb7+
47. Ka3 Bd1 48. R3g2 Qh3 49. Qd2 1-0

[Event "Detroit (MI Op/7/23)"]
[Site "?"]
[Date "1994.??.??"]
[Round "?"]
[White "Turner, Keita"]
[Black "Brattin, Vincent"]
[Result "1-0"]
[WhiteElo "1820"]
[BlackElo "1965"]
[PlyCount "145"]
[EventDate "1994.??.??"]

{7/(23)} 1. d4 d5 2. e3 Bf5 3. c4 e6 4. Nc3 c6 5. Nf3 Nf6 6. Bd3 Bxd3 7. Qxd3
Be7 8. O-O O-O 9. e4 dxe4 10. Nxe4 Nbd7 11. b3 Nxe4 12. Qxe4 Nf6 13. Qc2 Qb6
14. Bb2 h6 15. Rad1 Rad8 16. Rfe1 Nh7 17. Qe2 Bf6 18. Ne5 Qa5 19. a3 Bxe5 20.
b4 Bxh2+ 21. Kxh2 Qc7+ 22. Kg1 Qf4 23. Rd3 Rd7 24. Rg3 Nf6 25. Rf3 Qg4 26. Qe3
Rfd8 27. Rg3 Qh4 28. Qf3 Kf8 29. a4 Qh5 30. Qf4 Qf5 31. Qd2 Ne4 32. Rxe4 Qxe4
33. b5 Qb1+ 34. Kh2 f6 35. Ba3+ Kf7 36. Qe2 Rxd4 37. Qh5+ g6 38. Qxh6 g5 39.
Rh3 Rg8 40. Bc5 Rxc4 41. Qh5+ Qg6 42. Qd1 Re8 43. Qd7+ Kg8 44. Bd4 e5 45. Bxa7
Rxa4 46. b6 Rh4 47. Rxh4 gxh4 48. Qxb7 Qe4 49. Qd7 Qf4+ 50. Kg1 Qc1+ 51. Kh2
Qf4+ 52. Kh3 Rf8 53. b7 f5 54. Qe6+ Kg7 55. Qxc6 Qg4+ 56. Kh2 h3 57. gxh3 Qf4+
58. Kg2 Rf6 59. Be3 Qb4 60. Qc7+ Rf7 61. b8=Q Qe4+ 62. f3 Qxe3 63. Qxe5+ Qxe5
64. Qxe5+ Kg6 65. Kg3 Rf6 66. Kf4 Rf7 67. Qe6+ Rf6 68. Qe8+ Kh6 69. Qg8 Rf7 70.
Qg5+ Kh7 71. Qxf5+ Rxf5+ 72. Kxf5 Kg7 73. Ke6 1-0

[Event "Flint (MI Ch Spon/4)"]
[Site "?"]
[Date "1994.??.??"]
[Round "?"]
[White "Turner, J."]
[Black "Timberlake, B."]
[Result "1-0"]
[WhiteElo "1605"]
[BlackElo "1605"]
[PlyCount "37"]
[EventDate "1994.??.??"]

1. e4 d5 2. e5 Be6 3. d4 Nd7 4. Nf3 f6 5. Bf4 g6 6. Nbd2 Bf5 7. Qe2 e6 8. exf6
Ngxf6 9. Qb5 b6 10. O-O-O Ng4 11. Re1 Be7 12. Ne5 Nxf2 13. Rg1 a6 14. Qc6 O-O
15. Nxd7 Rf7 16. Be5 Bg5 17. Nf6+ Bxf6 18. Bxf6 Qxf6 19. Qxa8+ {[Remainder
illegible; 1-0, 25?]} 1-0

[Event "Flint (MI Ch Spon/2)"]
[Site "?"]
[Date "1994.??.??"]
[Round "?"]
[White "Turner, J."]
[Black "Bell, D."]
[Result "1-0"]
[WhiteElo "1605"]
[BlackElo "1605"]
[PlyCount "35"]
[EventDate "1994.??.??"]

1. e4 e5 2. Qh5 Nf6 3. Qxe5+ Be7 4. Bc4 d6 5. Qb5+ c6 6. Qg5 O-O 7. Nf3 Bg4 8.
Nh4 h6 9. Qf4 g5 10. Qe3 gxh4 11. Qxh6 d5 12. Qg5+ Kh7 13. d3 dxc4 14. Qh6+ Kg8
15. Qxh4 Qd4 16. Bh6 cxd3 17. Qg5+ Kh7 18. Qg7# 1-0

[Event "Novi (MI Women/3/1)"]
[Site "?"]
[Date "1994.??.??"]
[Round "?"]
[White "Tucker, L."]
[Black "Stinson, Darlene"]
[Result "1-0"]
[WhiteElo "2030"]
[BlackElo "1605"]
[PlyCount "119"]
[EventDate "1994.??.??"]

{3/(1)} 1. d4 g6 2. c4 Bg7 3. Nc3 Nc6 4. Nf3 d6 5. e4 Bg4 6. d5 Nd4 7. Be2 Nxe2
8. Qxe2 Nf6 9. h3 Bc8 10. Be3 c6 11. Qd2 Nd7 12. Bh6 Bxh6 13. Qxh6 Nf6 14. Ng5
e6 15. Qg7 Rf8 16. Nxh7 Nxh7 17. Qxh7 exd5 18. cxd5 cxd5 19. O-O dxe4 20. Nxe4
Be6 21. Qg7 Kd7 22. Rfd1 d5 23. Qd4 b6 24. Nf6+ Kc8 25. Nxd5 Bxd5 26. Qxd5 Qxd5
27. Rxd5 Kc7 28. Rc1+ Kb7 29. Rd7+ Ka6 30. Rcc7 b5 31. Rxf7 Rxf7 32. Rxf7 Rc8
33. b4 Rc1+ 34. Kh2 Ra1 35. Rf6+ Kb7 36. Rxg6 Rxa2 37. f3 a5 38. bxa5 Rxa5 39.
Rd6 Ra1 40. h4 b4 41. Rd4 Rb1 42. h5 b3 43. h6 b2 44. Rb4+ Kc6 45. h7 Kc5 46.
Rb8 Kc4 47. h8=Q Kc5 48. Rxb2 Rxb2 49. Qxb2 Kc4 50. Kg3 Kc5 51. Kf4 Kc4 52. Ke4
Kc5 53. Qc2+ Kd6 54. Qc4 Ke7 55. Qc6 Kf7 56. Kf5 Ke7 57. g4 Kd8 58. Qb7 Ke8 59.
Ke6 Kf8 60. Qf7# 1-0

[Event "Novi (MI Women/5/2)"]
[Site "?"]
[Date "1994.??.??"]
[Round "?"]
[White "Tucker, L."]
[Black "Raupp, Christine"]
[Result "1-0"]
[WhiteElo "2030"]
[BlackElo "1605"]
[PlyCount "61"]
[EventDate "1994.??.??"]

{5/(2)} 1. d4 e6 2. c4 f5 3. Nf3 Nf6 4. Nc3 Bb4 5. a3 Bxc3+ 6. bxc3 b6 7. Bf4
Bb7 8. e3 Ne4 9. Qc2 d6 10. Bd3 Nd7 11. O-O O-O 12. Nd2 Nxd2 13. Qxd2 Qh4 14.
Bg3 Qg4 15. f3 Qh5 16. Be2 g5 17. a4 Rf6 18. a5 bxa5 19. Rxa5 Rh6 20. Rfa1 a6
21. c5 Rf8 22. cxd6 cxd6 23. Bxa6 Bxa6 24. Rxa6 d5 25. Ra8 Nb6 26. Rxf8+ Kxf8
27. Qb2 Nc4 28. Ra8+ Kg7 29. Qb7+ Kg6 30. Rg8+ Kf6 31. Qg7# 1-0

[Event "Novi (MI Women/1/1)"]
[Site "?"]
[Date "1994.??.??"]
[Round "?"]
[White "Tucker, L."]
[Black "Chambers, M."]
[Result "1-0"]
[WhiteElo "2030"]
[BlackElo "1605"]
[PlyCount "69"]
[EventDate "1994.??.??"]

{1/(1)} 1. d4 d5 2. c4 Nf6 3. Nc3 e6 4. Bg5 Bb4 5. Qa4+ Bd7 6. Qxb4 c6 7. Qxb7
Na6 8. Qxa6 O-O 9. e3 Bc8 10. Qxc6 Rb8 11. b3 dxc4 12. Bxc4 Qd7 13. Qxd7 Bxd7
14. Bxf6 gxf6 15. Nf3 Rbc8 16. Ne4 f5 17. Nf6+ Kg7 18. Nxd7 Rfd8 19. Nc5 Kg6
20. Ke2 Kf6 21. Rac1 h5 22. Nd3 a5 23. Ba6 Rxc1 24. Rxc1 Ra8 25. Bb7 Rb8 26.
Rc7 Rd8 27. Nde5 Rf8 28. Nd7+ Ke7 29. Nxf8+ Kxf8 30. d5 exd5 31. Bxd5 f6 32.
Nh4 f4 33. Ng6+ Ke8 34. Be6 Kd8 35. Rc8# 1-0

[Event "Romulus (RVO/2/1)"]
[Site "?"]
[Date "1994.??.??"]
[Round "?"]
[White "Tsemekhman, Vadim"]
[Black "Williams, Ron"]
[Result "1-0"]
[WhiteElo "2470"]
[BlackElo "1870"]
[PlyCount "77"]
[EventDate "1994.??.??"]

{2/(1)} 1. d4 Nf6 2. c4 Nc6 3. Nf3 e6 4. Nc3 d5 5. a3 a5 6. Bf4 Bd7 7. e3 Be7
8. h3 O-O 9. Bd3 Nh5 10. Bh2 f5 11. cxd5 exd5 12. Nxd5 Rc8 13. O-O Be6 14.
Nxe7+ Qxe7 15. Rc1 Nf6 16. Rc5 Nd7 17. Rb5 Nb6 18. Ne5 a4 19. Nxc6 bxc6 20. Re5
Rf6 21. Qc2 Qd7 22. Rc1 Bb3 23. Qe2 Rcf8 24. Bf4 Bd5 25. h4 h6 26. Qh5 Qf7 27.
Qxf7+ R6xf7 28. f3 Kh7 29. Kf2 g6 30. g4 Nd7 31. Rxd5 cxd5 32. gxf5 gxf5 33.
Rxc7 Nb6 34. Bxf5+ Kg8 35. Be6 Kg7 36. Be5+ Kg8 37. Rb7 Nc4 38. Bxd5 Nxe5 39.
dxe5 1-0

[Event "Detroit (MEX/4/1)"]
[Site "?"]
[Date "1994.??.??"]
[Round "?"]
[White "Tsemekhman, Vadim"]
[Black "Ward, Tom"]
[Result "1-0"]
[WhiteElo "2430"]
[BlackElo "2200"]
[PlyCount "99"]
[EventDate "1994.??.??"]

{4/(1)} 1. d4 Nf6 2. c4 e6 3. Nf3 Bb4+ 4. Nbd2 O-O 5. a3 Bxd2+ 6. Qxd2 d6 7. g3
b6 8. Bg2 Bb7 9. O-O Be4 10. b3 Nbd7 11. Bb2 Qe7 12. Rfd1 Ng4 13. h3 Nh6 14.
Rac1 f5 15. Qg5 Rf6 16. c5 Nf7 17. Qf4 Rh6 18. cxd6 cxd6 19. Rc7 Qd8 20. Rdc1
Nf6 21. Ng5 Nxg5 22. Qxg5 Rg6 23. Bxe4 fxe4 24. Qb5 e3 25. Qc6 Nd5 26. Qxa8
Qxa8 27. Rc8+ Qxc8 28. Rxc8+ Kf7 29. Bc1 exf2+ 30. Kxf2 Rf6+ 31. Kg2 Kg6 32. e4
Ne7 33. Rc7 Rf7 34. Rxa7 Nc6 35. Ra6 Nxd4 36. Rxb6 Rc7 37. Be3 Rc2+ 38. Bf2 e5
39. a4 Kf7 40. a5 Ke7 41. a6 Ra2 42. Rb7+ Ke6 43. a7 d5 44. exd5+ Kxd5 45. b4
Kc4 46. Re7 Kd5 47. Rxg7 h5 48. h4 Kd6 49. Rh7 e4 50. a8=Q 1-0

[Event "Warren (Warmup"]
[Site "?"]
[Date "1994.??.??"]
[Round "?"]
[White "Tsemekhman, Vadim"]
[Black "Thompson, Dexter"]
[Result "1-0"]
[WhiteElo "2470"]
[BlackElo "2215"]
[PlyCount "85"]
[EventDate "1994.??.??"]

1. d4 Nf6 2. c4 e6 3. Nc3 d5 4. cxd5 exd5 5. Bg5 c6 6. e3 Nbd7 7. Bd3 Qa5 8.
Qc2 b5 9. Nge2 b4 10. Qa4 Qb6 11. Nd1 Be7 12. Rc1 Bb7 13. O-O O-O 14. Ng3 g6
15. h4 a6 16. a3 c5 17. axb4 cxd4 18. exd4 Qxd4 19. Rc7 Bc8 20. Bb1 Bd6 21. Rc3
Qxb4 22. Qc2 Be5 23. Rf3 a5 24. Nc3 Bb7 25. h5 Qg4 26. Bh6 Rfc8 27. hxg6 hxg6
28. Re1 d4 29. Rxe5 Nxe5 30. Rxf6 dxc3 31. Ba2 cxb2 32. Qxb2 Rd8 33. Bb3 a4 34.
Rf4 Rd1+ 35. Bxd1 Qxd1+ 36. Kh2 Qd5 37. Ne4 Ra6 38. Qb4 Nd7 39. Qe7 Qh5+ 40.
Kg3 Qd5 41. Qe8+ Kh7 42. Ng5+ Kxh6 43. Qh8+ 1-0

[Event "Detroit (MI Op/6/1)"]
[Site "?"]
[Date "1994.??.??"]
[Round "?"]
[White "Tsemekhman, Vadim"]
[Black "Seawald, Dennis"]
[Result "1-0"]
[WhiteElo "2460"]
[BlackElo "2230"]
[PlyCount "51"]
[EventDate "1994.??.??"]

{6/(1)} 1. d4 Nf6 2. c4 g6 3. Nc3 Bg7 4. e4 d6 5. Be2 O-O 6. Bg5 Na6 7. Qd2 Qe8
8. f4 e5 9. fxe5 dxe5 10. d5 Nd7 11. Nh3 f5 12. exf5 gxf5 13. O-O Qg6 14. Kh1
Nf6 15. Nf2 h5 16. Rae1 Bd7 17. Nd3 Rae8 18. Bxf6 Bxf6 19. Qd1 Re7 20. Bxh5 Qh6
21. Rf3 f4 22. g4 Qh7 23. Ne4 Bh8 24. c5 Bc8 25. d6 Rd7 26. Qb3+ 1-0

[Event "Detroit (MI Op/4/1)"]
[Site "?"]
[Date "1994.??.??"]
[Round "?"]
[White "Tsemekhman, Vadim"]
[Black "O'Donnell, Robert"]
[Result "1-0"]
[WhiteElo "2460"]
[BlackElo "2235"]
[PlyCount "71"]
[EventDate "1994.??.??"]

{4/(1)} 1. d4 Nf6 2. c4 e6 3. Nc3 Bb4 4. f3 d5 5. a3 Be7 6. e4 dxe4 7. fxe4 e5
8. d5 Ng4 9. Nf3 Bc5 10. Na4 Bf2+ 11. Ke2 Bh4 12. Nxh4 Qxh4 13. Qe1 Qh5 14. Kd2
f5 15. Be2 O-O 16. h3 Qg5+ 17. Kc3 Ne3 18. Bf3 f4 19. Bxe3 fxe3 20. Kd3 a6 21.
Qxe3 Qe7 22. Nc3 Nd7 23. b4 b6 24. Kc2 a5 25. Kb3 Bb7 26. Bg4 Nf6 27. Be6+ Kh8
28. Qg5 Bc8 29. Bxc8 Raxc8 30. Qe3 Nh5 31. g3 axb4 32. axb4 Rf7 33. Rhf1 Rcf8
34. Rxf7 Qxf7 35. Ra7 Qe7 36. Qxb6 1-0

[Event "Detroit (MI Op/2/1)"]
[Site "?"]
[Date "1994.??.??"]
[Round "?"]
[White "Tsemekhman, Vadim"]
[Black "Kamberi, Sonny"]
[Result "1-0"]
[WhiteElo "2460"]
[BlackElo "2030"]
[PlyCount "39"]
[EventDate "1994.??.??"]

{2/(1)} 1. d4 e6 2. c4 d5 3. Nc3 c6 4. e4 dxe4 5. Nxe4 Bb4+ 6. Bd2 Qxd4 7. Bxb4
Qxe4+ 8. Be2 c5 9. Bxc5 Qxg2 10. Bf3 Qg5 11. Ba3 Qa5+ 12. Kf1 Qc7 13. Ne2 Nc6
14. Nc3 a6 15. Ne4 Nge7 16. Nd6+ Kf8 17. Bxc6 bxc6 18. Qh5 g6 19. Qh6+ Kg8 20.
Ne8 1-0

[Event "Detroit (CAO/2/2)"]
[Site "?"]
[Date "1994.??.??"]
[Round "?"]
[White "Tsemekhman, Vadim"]
[Black "Jointer, William"]
[Result "1-0"]
[WhiteElo "2460"]
[BlackElo "1700"]
[PlyCount "86"]
[EventDate "1994.??.??"]

{2/(2)} 1. d4 Nf6 2. c4 b6 3. Nc3 Bb7 4. Nf3 e6 5. a3 Be7 6. d5 O-O 7. g3 Re8
8. Bg2 a5 9. O-O exd5 10. cxd5 Bc5 11. Rb1 Bd6 12. Nd4 Be5 13. e4 c5 14. Ndb5
Na6 15. Re1 Nc7 16. Nxc7 Bxc7 17. f4 d6 18. Bf1 Qc8 19. a4 b5 20. Bxb5 Re7 21.
Bd2 Qh3 22. Bf1 Qc8 23. Qf3 Ba6 24. Bxa6 Qxa6 25. Nb5 Bb6 26. Kg2 Rae8 27. Nxd6
Rd8 28. e5 Nd7 29. Nf5 Ree8 30. Bc3 Qc4 31. Nd6 Qxa4 32. Nxe8 Rxe8 33. e6 fxe6
34. dxe6 Nf6 35. Rbd1 Qc2+ 36. Rd2 Qf5 37. Bxf6 Qxf6 38. Qc6 Rb8 39. Qd7 Qf5
40. e7 Qxd7 41. Rxd7 Re8 42. Rb7 Kf7 43. Rxb6 Rxe7 1-0

[Event "Warren (Warmup"]
[Site "?"]
[Date "1994.??.??"]
[Round "?"]
[White "Tsemekhman, Vadim"]
[Black "Harris, G."]
[Result "1-0"]
[WhiteElo "2470"]
[BlackElo "2055"]
[PlyCount "120"]
[EventDate "1994.??.??"]

1. d4 d5 2. c4 Nf6 3. cxd5 Nxd5 4. e4 Nb6 5. Nf3 Bg4 6. Be3 e6 7. Bb5+ c6 8.
Bd3 N8d7 9. O-O Bd6 10. Nc3 Qc7 11. h3 h5 12. Rc1 Bxf3 13. Qxf3 a6 14. a4 Bb4
15. Na2 Be7 16. a5 Na4 17. b4 g5 18. g3 g4 19. hxg4 hxg4 20. Qxg4 Nf6 21. Qf3
e5 22. d5 Qd7 23. dxc6 bxc6 24. Be2 Qe6 25. Rc2 Qh3 26. Qg2 Qe6 27. Rfc1 Rd8
28. Nc3 Nxc3 29. Rxc3 Bxb4 30. Rxc6 Rd6 31. Rc8+ Rd8 32. Rxd8+ Kxd8 33. Bb6+
Ke7 34. Bxa6 Bxa5 35. Rc7+ Nd7 36. Bc5+ Kf6 37. Qf3+ Kg7 38. Bc4 Bxc7 39. Bxe6
fxe6 40. Qg4+ Kf7 41. Be3 Nf6 42. Qe2 Bd6 43. Kg2 Rd8 44. Qb5 Kg6 45. Qb6 Rd7
46. Bc1 Kf7 47. Bg5 Nxe4 48. Qc6 Nc5 49. Be3 Ke7 50. Bxc5 Bxc5 51. Qxc5+ Kf6
52. Qf8+ Rf7 53. Qh8+ Ke7 54. Qxe5 Rf5 55. Qc7+ Kf6 56. f4 Rd5 57. Kf3 Rd3+ 58.
Kg4 Rd5 59. Qc6 Kf7 60. Qxd5 exd5 1-0

[Event "Eastpointe (EDO/2/1)"]
[Site "?"]
[Date "1994.??.??"]
[Round "?"]
[White "Tsemekhman, Vadim"]
[Black "Golonka, Stan"]
[Result "1-0"]
[WhiteElo "2460"]
[BlackElo "1935"]
[PlyCount "89"]
[EventDate "1994.??.??"]

{2/(1)} 1. d4 Nf6 2. c4 c5 3. d5 e5 4. Nc3 d6 5. e4 Be7 6. Be2 Nbd7 7. Nf3 Nf8
8. g3 Ng6 9. h4 h5 10. Ng5 Bd7 11. O-O Qc8 12. Re1 Bg4 13. Bxg4 Nxg4 14. f3 Nf6
15. Qa4+ Nd7 16. Nd1 Kf8 17. Qc2 Kg8 18. Kh2 Ndf8 19. Nh3 Qd7 20. Ne3 Bf6 21.
Bd2 Re8 22. Rab1 Ne7 23. b4 cxb4 24. Rxb4 b6 25. Qa4 g6 26. Reb1 Rc8 27. Qc2
Rc5 28. a4 Nc8 29. Rb5 Qc7 30. R5b2 a5 31. Rb3 Qe7 32. Bc1 Rc7 33. Nf2 g5 34.
Nf5 Qd8 35. hxg5 Bxg5 36. Bxg5 Qxg5 37. Nh3 Qf6 38. Rxb6 Nxb6 39. Rxb6 Rd7 40.
c5 Qd8 41. Qb2 f6 42. Rb8 Qc7 43. c6 Rd8 44. Rb7 Qc8 45. Rg7# 1-0

[Event "Detroit (WCO/3/2)"]
[Site "?"]
[Date "1994.??.??"]
[Round "?"]
[White "Tsemekhman, Vadim"]
[Black "Gaiefsky, Mike"]
[Result "1-0"]
[WhiteElo "2460"]
[BlackElo "1815"]
[PlyCount "59"]
[EventDate "1994.??.??"]

{3/(2)} 1. d4 Nf6 2. c4 g6 3. Nc3 Bg7 4. e4 d6 5. Be2 O-O 6. Bg5 e5 7. dxe5
dxe5 8. Qxd8 Rxd8 9. Nd5 Nbd7 10. Nxc7 Rb8 11. f3 h6 12. Be3 b6 13. Nh3 Nc5 14.
Nf2 Nh5 15. O-O Nf4 16. Rfe1 Bb7 17. Bf1 g5 18. Rad1 h5 19. Nb5 a6 20. Nd6 Bc6
21. b4 Nce6 22. b5 axb5 23. cxb5 Ba8 24. Nf5 Bf6 25. Bc4 h4 26. g3 hxg3 27.
hxg3 Nh5 28. Ng4 Bg7 29. Bxe6 fxe6 30. Nxg7 1-0

[Event "Eastpointe (EDO/4/1)"]
[Site "?"]
[Date "1994.??.??"]
[Round "?"]
[White "Tsemekhman, Vadim"]
[Black "Dowling, Jo"]
[Result "1-0"]
[WhiteElo "2460"]
[BlackElo "2195"]
[PlyCount "89"]
[EventDate "1994.??.??"]

{4/(1)} 1. d4 d5 2. c4 e6 3. Nc3 c5 4. e3 Nc6 5. Nf3 Nf6 6. a3 cxd4 7. exd4
dxc4 8. Bxc4 Be7 9. O-O O-O 10. Re1 b6 11. Bg5 Bb7 12. Ba2 Nd5 13. h4 Bxg5 14.
Nxg5 h6 15. Bxd5 exd5 16. Nf3 Bc8 17. Qd2 Bg4 18. Ne5 Nxe5 19. Rxe5 Qxh4 20.
Qf4 g5 21. Qf6 Be6 22. Rae1 Rad8 23. f4 Qxf4 24. Qxh6 Bf5 25. Rxf5 Qxf5 26. Re5
Qxe5 27. dxe5 Rfe8 28. Qxg5+ Kf8 29. Nb5 Rd7 30. Nd6 Re6 31. Nf5 Rg6 32. e6
Rxg5 33. exd7 Rxf5 34. d8=Q+ Kg7 35. Qd7 Rf6 36. Qxd5 Re6 37. b4 Re7 38. Kf2
Kg6 39. Qd6+ Re6 40. Qc7 a6 41. a4 b5 42. axb5 axb5 43. Qc2+ Kf6 44. Kf3 Re5
45. Kf4 1-0

[Event "Romulus (RVO/4/1)"]
[Site "?"]
[Date "1994.??.??"]
[Round "?"]
[White "Tsemekhman, Vadim"]
[Black "Dean, Ji"]
[Result "1-0"]
[WhiteElo "2470"]
[BlackElo "2120"]
[PlyCount "51"]
[EventDate "1994.??.??"]

{4/(1)} 1. d4 f5 2. Nc3 Nf6 3. Bg5 Nc6 4. e3 d5 5. Bb5 e6 6. Nf3 Bd7 7. Ne5 Bd6
8. Bxf6 Qxf6 9. Nxd7 Kxd7 10. f4 g5 11. Qd2 Rhg8 12. g3 h5 13. O-O-O Rg7 14.
Ne2 Rag8 15. c4 a6 16. Bxc6+ bxc6 17. c5 Be7 18. Ng1 h4 19. Nf3 gxf4 20. exf4
hxg3 21. hxg3 Rxg3 22. Ne5+ Ke8 23. Qb4 Bd8 24. Qb7 R3g7 25. Qxc6+ Ke7 26. Kb1
1-0

[Event "Detroit (MCO/Ch/5/3)"]
[Site "?"]
[Date "1994.??.??"]
[Round "?"]
[White "Tsemekhman, Vadim"]
[Black "Chow, A."]
[Result "1-0"]
[WhiteElo "2470"]
[BlackElo "2415"]
[PlyCount "99"]
[EventDate "1994.??.??"]

{5/(3)} 1. d4 Nf6 2. c4 e6 3. Nc3 Bb4 4. e3 c5 5. Bd3 Nc6 6. Nf3 Bxc3+ 7. bxc3
d6 8. O-O e5 9. Ng5 O-O 10. f4 h6 11. d5 Na5 12. fxe5 dxe5 13. e4 hxg5 14. Bxg5
Qd6 15. Bxf6 gxf6 16. Qh5 Rd8 17. Rf3 Kf8 18. Qh4 f5 19. exf5 Ke8 20. f6 Kd7
21. Qh5 Kc7 22. Qxf7+ Bd7 23. Re1 Rf8 24. Qg6 Rae8 25. h4 e4 26. Rxe4 Rxe4 27.
Qxe4 Rxf6 28. Rxf6 Qxf6 29. h5 b6 30. Qg6 Qxc3 31. h6 Qd4+ 32. Kh2 Qh4+ 33. Kg1
Qd4+ 34. Kh2 Nb7 35. h7 Nd6 36. Qh5 Qh8 37. Qg5 Nf7 38. Qe7 Ne5 39. Bf5 Kc8 40.
d6 Kb8 41. Bxd7 Nxd7 42. Qxd7 Qe5+ 43. Kh3 Qh5+ 44. Kg3 Qe5+ 45. Kg4 Qe2+ 46.
Kh4 Qf2+ 47. Kh5 Qe2+ 48. g4 Qh2+ 49. Kg6 Qc2+ 50. Qf5 1-0